| 000 | 00662nam a22002057a 4500 | ||
|---|---|---|---|
| 005 | 20251108173630.0 | ||
| 008 | 250721s2007 xx 000 0 ara d | ||
| 082 | 1 | 4 | _a810.6/حمو |
| 100 | 1 | _aحمود، خضر موسى | |
| 245 | 1 | 0 | _aموازنة الآمدي ووساطة الجرجاني : دراسة أدبية مقارنة / |
| 264 | 1 |
_aعمان : _bعالم الكتب، _c2007. |
|
| 300 | _a176ص. | ||
| 650 | 1 | 7 | _aالنقد الأدبي |
| 650 | 1 | 7 | _aالتحليل الأدبي |
| 650 | 1 | 7 | _aالشعراء العرب |
| 650 | 1 | 7 | _aالسرقة الأدبية |
| 650 | 1 | 7 | _aالعصر العباسي |
| 942 |
_2ddc _cBK |
||
| 999 |
_c108574 _d108574 |
||